000 00441cam a2200145 4500500
005 20260111093505.0
041 _afre
042 _adc
100 1 0 _aSuzzoni, Cécilia
_eauthor
245 0 0 _aLa transmission au défi du numérique
260 _c2018.
500 _a25
786 0 _nEsprit | Mai | 5 | 2018-05-03 | p. 127-138 | 0014-0759
856 4 1 _uhttps://shs.cairn.info/revue-esprit-2018-5-page-127?lang=fr&redirect-ssocas=7080
999 _c1626511
_d1626511